| 000 | 00418pab a2200169 454500 | ||
|---|---|---|---|
| 008 | 180718b2006 xxu||||| |||| 00| 0 eng d | ||
| 100 | _aRao, V. Madhava | ||
| 245 | _aRural housing: emphasis on demand-driven dimension | ||
| 260 | _c2006 | ||
| 300 | _ap.51-55. | ||
| 362 | _aOct | ||
| 650 | _aRural development | ||
| 650 | _aHousing | ||
| 700 | _aSeetharaman, Sreedhar | ||
| 773 | _aKurukshetra | ||
| 909 | _a71865 | ||
| 999 |
_c71865 _d71865 |
||